zpět

Detail výsledku týmu

Chicago Bar & Grill ÚT, Liberec

Datum a čas kvízu

36 Celkem bodů Celkový počet nahraných bodů na tomto kvízu bez doplňovacích otázek.
6. Pořadí na kvízu Konečné umístění týmu na tomto kvízu.

Zaznamenané odpovědi

# Otázka Odpověď Body Výsledky
1. Jak se jmenuje 61letý lékař a... Petr Kott 1
2. Jeden z nejslavnějších stromů... javor 0
3. Který 32letý britský zpěvák a... Ed Sheeran 1
4. Kolik procent hlasů získal vít... 23 % 0
5. Minulý týden přišel italský ho... Annapurna 1
6. Jak se jmenuje nejhlubší a dru... Tanganika 1
7. Ve které evropské zemi můžeme... v Itálii 0
8. Balchašské jezero, které leží... B 0
9. Téma o jezerech se samozřejmě... Huronské jezero 1
10. Černé a Čertovo jezero na Šuma... o Severní a Černé moře 0.5